Frühneuzeitliche Universitätskulturen. - Köln [u.a.] : Böhlau. - 2009 [Rezension]
| Titel: | Frühneuzeitliche Universitätskulturen. - Köln [u.a.] : Böhlau. - 2009 [Rezension] |
|---|---|
| Verfasser: | |
| In: |
Vierteljahrschrift für Sozial- und Wirtschaftsgeschichte, Band 99, Heft 1 (2012), Seite 108-109 alle Artikel anzeigen |
| Veröffentlicht: | 2012 |
| Format: | Aufsatz |
| Sprache: | Deutsch |
X
alg: 39505718
001A $01999:12-11-16
001B $01999:01-06-17 $t18:18:24.000
001D $01999:12-11-16
001U $0utf8
001X $00
002@ $0Aox
003@ $0395057183
007A $0395057183 $aHEB
007T $0Herdc0078797m
010@ $ager
011@ $a2012
021A $aFrühneuzeitliche Universitätskulturen. - Köln {[u.a.] : Böhlau. - 2009 [Rezension]
028A $aHäcker $dSusanne
031A $d99 $e1 $h108-109 $j2012
039B $aIn $8--Abvc--. Vierteljahrschrift für Sozial- und Wirtschaftsgeschichte. - Stuttgart : Steiner, 1903-. - ISSN 0042-5699 $x201200000990001892 $9047251867
039T $8--Aau--. Frühneuzeitliche Universitätskulturen. - Köln {[u.a.] : Böhlau, 2009. - VI, 315 S.. - Ill., graph. Darst.. - ISBN 978-3-412-22906-1 $9187543011
lok: 39505718 78
exp: 39505718 78 1 #EPN
201B/01 $018-11-16 $t13:36:46.000
201U/01 $0utf8
203@/01 $0791355829
208@/01 $a12-11-16 $be
209A/01 $a/ $f000 $x00
220C/01 $aTitelaufnehmer: pg
220C/01 $aHerkunft: HI Marburg
244Z/01 $2Trx $#arvustused $#recenzijos $#Reviews $#recenziók $#recenzje $#recenzie $#recenze $8--Trx--Rezensionen $x01 $9391357441
247C/01 $82080>Marburg/Lahn, Herder-Institut, Forschungsbibliothek, Bibliographieportal $9336309341
| LEADER | 00000caa a22000002c 4500 | ||
|---|---|---|---|
| 001 | 395057183 | ||
| 003 | DE-603 | ||
| 005 | 20170601181824.0 | ||
| 007 | tu | ||
| 008 | 161112s2012 xx |||| | u00||u|ger c | ||
| 035 | |a (DE-599)HEB395057183 | ||
| 040 | |a DE-603 |b ger |c DE-603 |d DE-603 | ||
| 041 | |a ger | ||
| 100 | 1 | |a Häcker, Susanne | |
| 245 | 0 | 0 | |a Frühneuzeitliche Universitätskulturen. - Köln [u.a.] : Böhlau. - 2009 [Rezension] |
| 264 | 0 | |c 2012 | |
| 773 | 0 | 8 | |i In |t Vierteljahrschrift für Sozial- und Wirtschaftsgeschichte |d Stuttgart : Steiner, 1903- |x 0042-5699 |g Band 99, Heft 1 (2012), Seite 108-109 |w (DE-603)047251867 |w (DE-600)200400-8 |
| 787 | 0 | 8 | |i Rezension von |t Frühneuzeitliche Universitätskulturen |d Köln [u.a.] : Böhlau, 2009 |h VI, 315 S., Ill., graph. Darst. |z 9783412229061 |w (DE-603)187543011 |
| 924 | 0 | |9 2080 |a (DE-603)791355829 |b DE-2080 |c HES |d d |g / | |


